Special electrical machines
| Main Author: | |
|---|---|
| Format: | Book |
| Published: |
New Delhi :
S. K. Kataria & Sons ,
2014
|
| Subjects: |
MARC
| LEADER | 00000cam a2200000 7i4500 | ||
|---|---|---|---|
| 001 | 0000043991 | ||
| 005 | 20141210.0 | ||
| 008 | 141210 | ||
| 020 | |a 9350142622 | ||
| 090 | 0 | 0 | |a 621.31042 |b SIM |
| 100 | 1 | |a Simmi P. Burman | |
| 245 | 1 | 0 | |a Special electrical machines |c Simmi P. Burman |
| 260 | |a New Delhi : |b S. K. Kataria & Sons , |c 2014 | ||
| 650 | 0 | |a Electric machinery | |
| 650 | 0 | |a Electric motors | |
| 999 | |a 0001323995 |b Book |c Adult Collection |e Perbadanan Perpustakaan Awam Johor | ||